| 000 | 00464nam a2200157Ia 4500 | ||
|---|---|---|---|
| 008 | 151021s9999 xx 000 0 und d | ||
| 020 | _a9.7800731282e+012 | ||
| 050 | _aHF 5686 .C8B559 2008 | ||
| 245 | _a_Cost Management A Strategic emphasis Edward J.Blocher | ||
| 260 | _aBoston McGraw-hill 2008 | ||
| 300 | _axxiv,902p.;ill | ||
| 500 | _aIncludes index. | ||
| 650 | _a_Cost accounting | ||
| 700 | _a_David E Stout | ||
| 980 | _a^d20110708 09:51:12^oanne | ||
| 999 |
_c7626 _d7626 |
||